Word Ladder: Sheep Be True Quiz Stats

 Plays Quiz Updated Oct 3, 2012

Support Sporcle.
Go Orange.
Score 0/13 Timer 01:30
1 Play Today
Clue 3-Letter Word % Correct
Eminem's genreRAP
95.7%
Ugly old witchHAG
94.1%
Clutch or toteBAG
94%
Sheep's bleat*BAA*
91.5%
Be in debtOWE
87.8%
Metal-bearing rockORE
85%
Lamb's mother*EWE*
84.2%
PaddleOAR
83.7%
Brand of Dodge truck*RAM*
82.7%
SpigotTAP
80.1%
___ and featherTAR
78.4%
Mugging actorHAM
76.9%
Boston Bruins hall of famerORR
75.9%

Today's Daily Dose

You're not logged in!

Compare scores with friends on all Sporcle quizzes.
OR
Log In

From the Vault

Movie Alphabet Soup

by metakoopa99

We'd like to see Progresso and Marvel Studios collaborate on a few souperhero films.
Remove Ads.
Support Sporcle.
Get the best of Sporcle when you Go Orange. This ad-free experience offers more features, more stats, and more fun while also helping to support Sporcle. Thank you for becoming a member.

Show Comments

Extras

Top Quizzes Today


Score Distribution

Your Account Isn't Verified!

In order to create a playlist on Sporcle, you need to verify the email address you used during registration. Go to your Sporcle Settings to finish the process.

Report this User

Report this user for behavior that violates our Community Guidelines.

Details: